Los ojos del coredero /
Guardado en:
| Autor Principal: | |
|---|---|
| Formato: | Libro |
| Idioma: | Undetermined |
| Publicado: |
Buenos Aires :
EL Suri Porfiado,
2010.
|
| Materias: | |
| Etiquetas: |
Agregar Etiqueta
Sin Etiquetas, Sea el primero en etiquetar este registro!
|
| LEADER | 01691nam a22002295a 4500 | ||
|---|---|---|---|
| 001 | CEM.cems019038 | ||
| 008 | 220311s2010####ag############000#0#und#d | ||
| 005 | 20220311163954.0 | ||
| 003 | CEMS | ||
| 245 | 1 | 0 | |a Los ojos del coredero / |c Germán R. Arens. |
| 260 | |a Buenos Aires : |b EL Suri Porfiado, |c 2010. | ||
| 300 | |a 48 p. | ||
| 505 | 0 | |a Desperté -- Cuando esos dos hombres -- A Roby Arens -- El cuchillo berijero -- Aquella tarde -- A excepción de las manos de Edgardo -- Los muertos sobre la puerta -- Berguer -- En la televisión -- Roby se comunicó -- Debajo del alero las calandrias -- No nos dijeron de donde provenían -- Los domingos -- Hacia el lado del molino viejo -- Camino los trigales -- Hoy por la tarde llegó Roby -- En un tambor de 200 -- La Chevrolet 67 -- Desde la casa al guardaganado -- En la televisión -- Nos encontramos en el bajo -- Con una aguja -- Vienen de la ciudad -- Roby se comunicó -- Anteponiéndose al cielo -- Evocando a Sergei Esenin -- Guardo un secreto -- Apoyado en el arado de rejas descanso -- -- Voy a mirarme en la aguada -- En la televisión -- El único deseo póstumo de Berguer -- Si de noche -- Septiembre entre los meses -- Me llega la guitarra -- Hoy por la tarde llegó Roby -- A veces -- La punta de mi nariz es de vidrio -- Anoche apareció el espíritu de Edgardo -- Estoy enfermo -- En el silencio -- La llanura en su extensión | |
| 020 | |a 9789871541249 | ||
| 100 | 1 | |a Arens, Germán R. | |
| 650 | 7 | |a Literatura | |
| 650 | 7 | |a Literatura argentina | |
| 650 | 7 | |a Autor bahiense | |
| 650 | 7 | |a Poesía bahiense | |
| 650 | 7 | |a Poesía | |
| 650 | 7 | |a Literatura Bahiense | |
| 859 | |a CEMS |b BIB. CEMS - 11 de abril |h A861.4 |i Ar336-1 |p 29048.20 |t Ej. 1 | ||
